সংস্কৃত সাহিত্যের রুপরেখা = [History of Sanskrit Literature including those of Pali, Prakrit & Apavramsa] / (Record no. 47852)
[ view plain ]
| 000 -LEADER | |
|---|---|
| fixed length control field | 01185nam a22002537a 4500 |
| 001 - CONTROL NUMBER | |
| control field | 47852 |
| 003 - CONTROL NUMBER IDENTIFIER | |
| rucl marc code | BD-RjUL |
| 005 - DATE AND TIME OF LATEST TRANSACTION | |
| control field | 20211209054415.0 |
| 008 - FIXED-LENGTH DATA ELEMENTS--GENERAL INFORMATION | |
| fixed length control field | 160810s1961 ii ||||| b||| 00| 0 ben d |
| 020 ## - INTERNATIONAL STANDARD BOOK NUMBER | |
| Terms of availability | : TK 9.00 |
| 035 ## - SYSTEM CONTROL NUMBER | |
| System control number | (BD-RjUL)47971 |
| 040 ## - CATALOGING SOURCE | |
| Original cataloging agency | BD-RjUL |
| Language of cataloging | ben |
| Transcribing agency | BD-RjUL |
| 041 ## - LANGUAGE CODE | |
| Language code of text/sound track or separate title | ben |
| 082 ## - DEWEY DECIMAL CLASSIFICATION NUMBER | |
| Edition number | 23 |
| Classification number | 891.209 |
| Author mark and year | BHS 1961 |
| 100 1# - MAIN ENTRY--PERSONAL NAME | |
| Personal name | ভট্টাচার্য, বিমানচন্দ্র |
| 9 (RLIN) | 145252 |
| 245 10 - TITLE STATEMENT | |
| Title | সংস্কৃত সাহিত্যের রুপরেখা = [History of Sanskrit Literature including those of Pali, Prakrit & Apavramsa] / |
| Statement of responsibility, etc. | বিমানচন্দ্র ভট্টাচার্য |
| 246 ## - VARYING FORM OF TITLE | |
| Remainder of title | ২য় সং. |
| 260 ## - PUBLICATION, DISTRIBUTION, ETC. (IMPRINT) | |
| Place of publication, distribution, etc. | কলিকাতা : |
| Name of publisher, distributor, etc. | বিদ্যোদয় লাইব্রেরী প্রাইভেট, |
| Date of publication, distribution, etc. | ১৯৬১ |
| 300 ## - PHYSICAL DESCRIPTION | |
| Pagination | [বার], ৩৪৫ পৃ. ; |
| Size | ২৩ সেমি. |
| 504 ## - BIBLIOGRAPHY, ETC. NOTE | |
| Bibliography, etc | সংযুক্ত গ্রন্থপুঞ্জি |
| 650 ## - SUBJECT ADDED ENTRY--TOPICAL TERM | |
| Topical term or geographic name as entry element | সংস্কৃত সাহিত্য --- ইতিহাস ও সমালোচনা |
| 9 (RLIN) | 145166 |
| Topical term or geographic name as entry element | Sanskrit Literature---history and criticism |
| 9 (RLIN) | 145167 |
| 942 ## - ADDED ENTRY ELEMENTS (KOHA) | |
| Source of classification or shelving scheme | Dewey Decimal Classification |
| Koha item type | Books |
| Lost status | Source of classification or shelving scheme | Damaged status | Not for loan | Collection code | Permanent Location | Current Location | Shelving location | Date acquired | Source of acquisition | Cost, normal purchase price | Total Checkouts | Full call number | Date last seen | Date checked out | Copy number | Koha item type |
|---|---|---|---|---|---|---|---|---|---|---|---|---|---|---|---|---|
| Dewey Decimal Classification | Non-fiction | Central Library, University of Rajshahi | Central Library, University of Rajshahi | 23/11/1962 | Kamala Book | 9.00 | 2 | B 891.209 BHS 1961 | 17/02/2025 | 05/02/2025 | C-2 | Books |